[Event "HUN-chT2 Erkel 2324"]
[Site "Hunagry"]
[Date "2024.03.10"]
[Round "6.1"]
[White "Boricsev, Oleg"]
[Black "Gyenes, Mate"]
[Result "1/2-1/2"]
[WhiteElo "2193"]
[BlackElo "2155"]
[PlyCount "140"]
[EventDate "2023.10.08"]
[EventType "team-tourn"]
[EventRounds "9"]
[EventCountry "HUN"]
[SourceTitle "EXT 2025"]
[Source "ChessBase"]
[SourceDate "2024.10.14"]
[SourceVersion "1"]
[SourceVersionDate "2024.10.14"]
[SourceQuality "1"]
[WhiteTeam "Egri Bolyky"]
[BlackTeam "Vac"]
[WhiteTeamCountry "HUN"]
[BlackTeamCountry "HUN"]

1. e4 Nf6 2. e5 Nd5 3. Nc3 Nxc3 4. dxc3 d6 5. Bc4 Nc6 6. Nf3 dxe5 7. Qxd8+ Nxd8 8. Nxe5 f6 9. Nd3 e5 10. 0-0 Be6 11. Bxe6 Nxe6 12. Re1 Kf7 13. f4 exf4 14. Nxf4 Bc5+ 15. Kf1 Rhe8 16. Nxe6 Rxe6 17. Bf4 c6 18. b4 Rxe1+ 19. Rxe1 Bb6 20. c4 Re8 21. Rxe8 Kxe8 22. c5 Bd8 23. Ke2 Kd7 24. h3 Bc7 25. Bd2 Ke6 26. Kd3 f5 27. c4 Ke5 28. Ke3 f4+ 29. Kd3 g5 30. Be1 Kf5 31. a4 h5 32. Bf2 Be5 33. Be1 Bb2 34. Bd2 Ke5 35. Be1 Bd4 36. g4 h4 37. Bd2 Bb2 38. Be1 Ba1 39. Bd2 Bd4 40. Be1 Bb2 41. Bd2 Bd4 42. Bc1 a5 43. bxa5 Bxc5 44. Bb2+ Ke6 45. Ke4 Bb4 46. a6 bxa6 47. Bd4 c5 48. Bb2 Bd2 49. Ba1 Be3 50. Bc3 Bd4 51. Ba5 Bf6 52. Be1 Kd6 53. Bd2 Kc6 54. Be1 Kb6 55. Kf5 Be7 56. Ke6 Bd8 57. Kd5 Be7 58. Ke6 Bd8 59. Kd5 Bf6 60. a5+ Kb7 61. Kxc5 f3 62. Kd5 Bc3 63. Bf2 Bxa5 64. Ke4 Bb6 65. c5 Bd8 66. Kxf3 Kc6 67. Ke4 a5 68. Kd4 Be7 69. Kc4 a4 70. Be3 a3 1/2-1/2

[Event "HUN-chT2 Erkel 2223"]
[Site "Hungary"]
[Date "2023.04.23"]
[Round "9.3"]
[White "Boricsev, Oleg"]
[Black "Kozma, Gabor"]
[Result "1-0"]
[WhiteElo "2226"]
[BlackElo "2101"]
[PlyCount "61"]
[EventDate "2022.11.20"]
[EventType "team-tourn"]
[EventRounds "9"]
[EventCountry "HUN"]
[SourceTitle "EXT 2025"]
[Source "ChessBase"]
[SourceDate "2024.10.14"]
[SourceVersion "1"]
[SourceVersionDate "2024.10.14"]
[SourceQuality "1"]
[WhiteTeam "Egri Bolyky"]
[BlackTeam "GSBE"]
[WhiteTeamCountry "HUN"]
[BlackTeamCountry "HUN"]

1. d4 Nf6 2. Bf4 d5 3. e3 c5 4. Nc3 e6 5. Nf3 Bd6 6. dxc5 Bxf4 7. exf4 Qa5 8. Qd4 0-0 9. b4 Qd8 10. Ne5 Nfd7 11. Bb5 Nxe5 12. fxe5 a5 13. 0-0 axb4 14. Qxb4 Qc7 15. Rfe1 Bd7 16. Bd3 h6 17. Re3 Rc8 18. Qg4 Qxc5 19. Rg3 Qf8 20. Ne2 Nc6 21. Qh5 Kh8 22. Nf4 Be8 23. Qe2 Qb4 24. Nh5 Qc3 25. Re1 Nb4 26. Qd1 Nxc2 27. Bxc2 Qxc2 28. Qg4 g6 29. Qf4 Kh7 30. Qf6 gxh5 31. Qg7# 1-0

[Event "HUN-chT2 Erkel 2223"]
[Site "Hungary"]
[Date "2022.12.18"]
[Round "3.3"]
[White "Boricsev, Oleg"]
[Black "Farago, Sandor"]
[Result "1/2-1/2"]
[WhiteElo "2227"]
[BlackElo "2103"]
[PlyCount "81"]
[EventDate "2022.11.20"]
[EventType "team-tourn"]
[EventRounds "9"]
[EventCountry "HUN"]
[SourceTitle "EXT 2025"]
[Source "ChessBase"]
[SourceDate "2024.10.14"]
[SourceVersion "1"]
[SourceVersionDate "2024.10.14"]
[SourceQuality "1"]
[WhiteTeam "Egri Bolyky"]
[BlackTeam "Magyar Sakkvilag"]
[WhiteTeamCountry "HUN"]
[BlackTeamCountry "HUN"]

1. e4 c5 2. c3 d6 3. d4 Nd7 4. Nf3 e6 5. Bd3 Ngf6 6. 0-0 Be7 7. Qe2 cxd4 8. cxd4 e5 9. Nc3 0-0 10. Bg5 a6 11. Rac1 b5 12. a3 Bb7 13. Rfd1 Qb8 14. Bb1 h6 15. Bh4 Re8 16. dxe5 dxe5 17. Nd5 Nxd5 18. exd5 Bd6 19. Nd2 e4 20. Qg4 Ne5 21. Qxe4 Ng6 22. Qg4 Bxh2+ 23. Kh1 Qf4 24. Qxf4 Bxf4 25. Bxg6 fxg6 26. Rc5 Bd6 27. Nb3 Re5 28. Na5 Bxc5 29. Nxb7 Rh5 30. Nxc5 Rxh4+ 31. Kg1 Rc4 32. b4 Kf7 33. d6 Rd8 34. d7 Ke7 35. Re1+ Kf7 36. Rd1 Ke7 37. Re1+ Kf7 38. Rd1 Ke7 39. Re1+ Kf7 40. Rd1 Ke7 41. Re1+ 1/2-1/2

[Event "HUN-chT2 Erkel 2223"]
[Site "Hungary"]
[Date "2022.11.20"]
[Round "1.3"]
[White "Boricsev, Oleg"]
[Black "Berczes, Csaba"]
[Result "1/2-1/2"]
[WhiteElo "2226"]
[BlackElo "2312"]
[PlyCount "40"]
[EventDate "2022.11.20"]
[EventType "team-tourn"]
[EventRounds "9"]
[EventCountry "HUN"]
[SourceTitle "EXT 2025"]
[Source "ChessBase"]
[SourceDate "2024.10.14"]
[SourceVersion "1"]
[SourceVersionDate "2024.10.14"]
[SourceQuality "1"]
[WhiteTeam "Egri Bolyky"]
[BlackTeam "Dunaharaszti II"]
[WhiteTeamCountry "HUN"]
[BlackTeamCountry "HUN"]

1. e4 d6 2. d4 Nf6 3. Nc3 e5 4. dxe5 dxe5 5. Qxd8+ Kxd8 6. Bc4 Be6 7. Bxe6 fxe6 8. Be3 Bd6 9. 0-0-0 Ke7 10. f3 a6 11. Nge2 Nc6 12. a3 Na5 13. Kb1 b5 14. Rd3 Nc4 15. Bf2 Rhb8 16. Ka2 Rb7 17. Nb1 a5 18. b3 Nb6 19. Rc1 Nfd7 20. Nd2 Nc5 1/2-1/2

[Event "HUN-chT2 Erkel 2122"]
[Site "Hungary"]
[Date "2021.12.05"]
[Round "3.2"]
[White "Sagi, Bence"]
[Black "Boricsev, Oleg"]
[Result "1/2-1/2"]
[WhiteElo "2010"]
[BlackElo "2229"]
[PlyCount "67"]
[EventDate "2021.10.10"]
[EventType "team-tourn"]
[EventRounds "9"]
[EventCountry "HUN"]
[SourceTitle "EXT 2025"]
[Source "ChessBase"]
[SourceDate "2024.10.14"]
[SourceVersion "1"]
[SourceVersionDate "2024.10.14"]
[SourceQuality "1"]
[WhiteTeam "Fot"]
[BlackTeam "Kekes"]
[WhiteTeamCountry "HUN"]
[BlackTeamCountry "HUN"]

1. d4 d5 2. Bf4 e6 3. e3 Bd6 4. Bg3 c5 5. Nd2 Nc6 6. c3 Nf6 7. Ngf3 Qe7 8. Ne5 Nd7 9. Qg4 Ndxe5 10. dxe5 Bxe5 11. Bxe5 Nxe5 12. Qxg7 Ng6 13. Bd3 f5 14. Bb5+ Bd7 15. Qxe7+ Kxe7 16. Bxd7 Kxd7 17. 0-0 Rad8 18. f4 Ke7 19. Nf3 Rd6 20. Rad1 Rhd8 21. Rd2 Ra6 22. a3 Rb6 23. Rc1 Rbd6 24. Rf1 b5 25. Ne5 Nxe5 26. fxe5 R6d7 27. Rf4 Kf8 28. g4 Rg7 29. Rg2 Ke7 30. gxf5 Rxg2+ 31. Kxg2 exf5 32. Rxf5 Ke6 33. Rh5 Rd7 34. Kf3 1/2-1/2

[Event "Titled Tuesday intern op 16th Nov"]
[Site "Chess.com INT"]
[Date "2021.11.16"]
[Round "1"]
[White "Bazarov, Konstantin"]
[Black "Boricsev, Oleg"]
[Result "0-1"]
[WhiteElo "2226"]
[BlackElo "2231"]
[PlyCount "126"]
[EventDate "2021.11.16"]
[EventType "swiss (blitz)"]
[EventRounds "11"]
[EventCountry "USA"]
[SourceTitle "CBM 205 Extra"]
[Source "ChessBase"]
[SourceDate "2022.01.31"]
[SourceVersion "1"]
[SourceVersionDate "2022.01.31"]
[SourceQuality "1"]

1. Nf3 Nf6 2. c4 g6 3. Nc3 Bg7 4. d4 d5 5. Bg5 Ne4 6. Bh4 Nxc3 7. bxc3 c5 8. e3 Nc6 9. Be2 0-0 10. 0-0 dxc4 11. Bxc4 cxd4 12. cxd4 b6 13. Rc1 Bb7 14. Be2 Rc8 15. Nd2 Qd7 16. Bf3 e5 17. dxe5 Nxe5 18. Bxb7 Qxb7 19. Qe2 Qd5 20. Nb3 a5 21. Rfd1 Rxc1 22. Rxc1 a4 23. Nd4 h6 24. h3 Kh7 25. Rc7 Re8 26. Qc2 a3 27. Bg3 Kg8 28. Kh1 Nd7 29. Nb3 Nf6 30. Bf4 Nh5 31. Bh2 Nf6 32. Rc4 Ne4 33. Rc7 b5 34. f3 Ng5 35. e4 Qd8 36. Rc5 b4 37. h4 Ne6 38. Rd5 Qb6 39. Bg1 Qa6 40. Qd1 Rc8 41. Bf2 Kh7 42. Kh2 Qc4 43. Rd2 Nf4 44. Be3 Ne6 45. Qe2 Be5+ 46. g3 Qc3 47. Qf2 h5 48. f4 Bb8 49. f5 Ng7 50. fxg6+ fxg6 51. Bf4 Bxf4 52. gxf4 Re8 53. e5 Nf5 54. Nd4 Nxh4 55. Qe2 Nf5 56. Nxf5 gxf5 57. Rd7+ Kg8 58. Qxh5 Qc2+ 59. Kh3 Qc3+ 60. Kh4 Qe1+ 61. Kg5 Qg3+ 62. Kh6 Qg7+ 63. Rxg7+ Kf8 0-1

[Event "Titled Tuesday intern op 16th Nov"]
[Site "Chess.com INT"]
[Date "2021.11.16"]
[Round "2"]
[White "Boricsev, Oleg"]
[Black "Sieciechowicz, Marcin"]
[Result "1/2-1/2"]
[WhiteElo "2231"]
[BlackElo "2388"]
[PlyCount "99"]
[EventDate "2021.11.16"]
[EventType "swiss (blitz)"]
[EventRounds "11"]
[EventCountry "USA"]
[SourceTitle "CBM 205 Extra"]
[Source "ChessBase"]
[SourceDate "2022.01.31"]
[SourceVersion "1"]
[SourceVersionDate "2022.01.31"]
[SourceQuality "1"]

1. e4 e6 2. d4 d5 3. Nc3 Nf6 4. Bg5 Bb4 5. e5 h6 6. exf6 hxg5 7. fxg7 Rg8 8. Bd3 Nc6 9. Nge2 Qf6 10. a3 Bd6 11. Nb5 Bd7 12. Nxd6+ cxd6 13. c3 Rxg7 14. Qd2 0-0-0 15. Rf1 e5 16. 0-0-0 Rh8 17. h3 e4 18. Bb5 Kb8 19. Kb1 g4 20. Nf4 gxh3 21. gxh3 Qf5 22. Rg1 Rxg1 23. Rxg1 Rh4 24. Rg8+ Kc7 25. Ng2 Rxh3 26. Ne3 Qh5 27. c4 dxc4 28. d5 c3 29. Qxc3 Rxe3 30. fxe3 Qd1+ 31. Ka2 Qxd5+ 32. Bc4 Qxc4+ 33. Qxc4 Be6 34. Qxe6 fxe6 35. Kb3 b5 36. Kc3 d5 37. b4 a5 38. Rg7+ Kd6 39. Rb7 axb4+ 40. axb4 e5 41. Rxb5 d4+ 42. Kd2 Ne7 43. Rb7 Nd5 44. exd4 exd4 45. Rh7 Nxb4 46. Rh4 Kd5 47. Rh5+ Kc4 48. Re5 e3+ 49. Rxe3 dxe3+ 50. Kxe3 1/2-1/2

[Event "Titled Tuesday intern op 16th Nov"]
[Site "Chess.com INT"]
[Date "2021.11.16"]
[Round "5"]
[White "Vovk, Orest"]
[Black "Boricsev, Oleg"]
[Result "0-1"]
[WhiteElo "2315"]
[BlackElo "2231"]
[PlyCount "102"]
[EventDate "2021.11.16"]
[EventType "swiss (blitz)"]
[EventRounds "11"]
[EventCountry "USA"]
[SourceTitle "CBM 205 Extra"]
[Source "ChessBase"]
[SourceDate "2022.01.31"]
[SourceVersion "1"]
[SourceVersionDate "2022.01.31"]
[SourceQuality "1"]

1. h4 e5 2. h5 h6 3. d4 exd4 4. Qxd4 Nf6 5. g4 Nc6 6. Qa4 b5 7. Qxb5 Nxg4 8. Nc3 Bb4 9. Bd2 Qf6 10. Nf3 Rb8 11. Qd3 0-0 12. Rb1 Nce5 13. Nxe5 Qxf2+ 14. Kd1 Nxe5 15. Qh3 d6 16. Qh4 Qc5 17. Ne4 Qa5 18. a3 Bxd2 19. Nxd2 Bb7 20. Rg1 Kh7 21. Bh3 Qc5 22. Bf5+ Kh8 23. Qg3 Rg8 24. b4 Qd5 25. Bd3 Nxd3 26. Qxd3 Qxh5 27. Kc1 Rbe8 28. Kb2 Qxe2 29. Qxe2 Rxe2 30. Nc4 Be4 31. Rbc1 Re8 32. Na5 d5 33. Nc6 d4 34. Nxd4 Rd2 35. Nb5 Bg6 36. Nxa7 Ree2 37. Nb5 Bxc2 38. Kc3 Ba4 39. Kc4 Re4+ 40. Kc5 Re5+ 41. Kc6 Bxb5+ 42. Kxc7 Ra2 43. Kb6 Rxa3 44. Rc8+ Kh7 45. Rc7 Rf5 46. Rc5 Bd3 47. Rxf5 Bxf5 48. Rf1 Bg6 49. b5 Rb3 50. Kc6 Rxb5 51. Kxb5 Bd3+ 0-1

[Event "HUN-chT2 Erkel 2122"]
[Site "Hungary"]
[Date "2021.10.31"]
[Round "2.3"]
[White "Vajda, Albert I"]
[Black "Boricsev, Oleg"]
[Result "1/2-1/2"]
[WhiteElo "2067"]
[BlackElo "2242"]
[PlyCount "38"]
[EventDate "2021.10.10"]
[EventType "team-tourn"]
[EventRounds "9"]
[EventCountry "HUN"]
[SourceTitle "EXT 2025"]
[Source "ChessBase"]
[SourceDate "2024.10.14"]
[SourceVersion "1"]
[SourceVersionDate "2024.10.14"]
[SourceQuality "1"]
[WhiteTeam "Egri Bolyky"]
[BlackTeam "Kekes"]
[WhiteTeamCountry "HUN"]
[BlackTeamCountry "HUN"]

1. e4 e5 2. Nf3 Nf6 3. Nxe5 Nc6 4. Nf3 Nxe4 5. d4 d5 6. Bd3 Bg4 7. Be3 Qf6 8. Be2 Bd6 9. 0-0 0-0-0 10. a4 Rde8 11. c3 Bxf3 12. Bxf3 Qh4 13. g3 Nxg3 14. hxg3 Bxg3 15. fxg3 Qxg3+ 16. Bg2 Rxe3 17. Qd2 Ne7 18. Qf2 Qg5 19. Nd2 f6 1/2-1/2

[Event "Mukachevo Rating 41st"]
[Site "Mukachevo"]
[Date "2019.10.06"]
[Round "9"]
[White "Sernecki, Franciszek"]
[Black "Boricsev, Oleg"]
[Result "1-0"]
[WhiteElo "2276"]
[BlackElo "2241"]
[PlyCount "86"]
[EventDate "2019.10.01"]
[EventType "tourn"]
[EventRounds "9"]
[EventCountry "UKR"]
[SourceTitle "EXT 2020"]
[Source "ChessBase"]
[SourceDate "2019.10.17"]
[SourceVersion "1"]
[SourceVersionDate "2019.10.17"]
[SourceQuality "1"]

1. d4 d5 2. c4 e6 3. Nf3 Nf6 4. e3 Be7 5. Nc3 0-0 6. Bd3 b6 7. 0-0 Bb7 8. b3 Nbd7 9. Bb2 Ne4 10. Rc1 Bf6 11. Bxe4 dxe4 12. Nd2 g6 13. Ndxe4 Bg7 14. Qe2 Qe7 15. Rfd1 Rad8 16. Ng3 f5 17. f3 c5 18. d5 Ne5 19. e4 f4 20. Nh1 g5 21. Nf2 h5 22. dxe6 Qxe6 23. Rxd8 Rxd8 24. Rd1 Rf8 25. Nd5 g4 26. Bxe5 gxf3 27. gxf3 Bxe5 28. Kh1 Kh8 29. Nd3 Bd4 30. N3xf4 Qh6 31. Qd2 Bxd5 32. Nxd5 Qg7 33. Qg2 Qf7 34. f4 Rg8 35. Qf3 Rg4 36. h3 Rg8 37. Ne3 Bxe3 38. Qxe3 Qg6 39. Qf3 h4 40. f5 Qf6 41. Qh5+ Kg7 42. Rg1+ Kf8 43. Rxg8+ Kxg8 1-0

[Event "Mukachevo Rating 41st"]
[Site "Mukachevo"]
[Date "2019.10.05"]
[Round "8"]
[White "Boricsev, Oleg"]
[Black "Petrovskiy, Vadim1"]
[Result "1/2-1/2"]
[WhiteElo "2241"]
[BlackElo "2197"]
[PlyCount "57"]
[EventDate "2019.10.01"]
[EventType "tourn"]
[EventRounds "9"]
[EventCountry "UKR"]
[SourceTitle "EXT 2020"]
[Source "ChessBase"]
[SourceDate "2019.10.17"]
[SourceVersion "1"]
[SourceVersionDate "2019.10.17"]
[SourceQuality "1"]

1. e4 c5 2. Nf3 Nc6 3. Bc4 d6 4. c3 Nf6 5. d3 a6 6. Bb3 Na5 7. Bc2 e5 8. 0-0 Be7 9. d4 Qc7 10. d5 b5 11. Nbd2 0-0 12. b3 Bd7 13. Re1 g6 14. Nf1 c4 15. b4 Nb7 16. Bh6 Rfb8 17. Qd2 a5 18. a3 Ra6 19. Ng3 Rba8 20. Rac1 axb4 21. axb4 Bf8 22. Bg5 Be7 23. Bh6 Bf8 24. Bg5 Be7 25. Bh6 Bf8 26. Bg5 Be7 27. Bh6 Bf8 28. Bg5 Be7 29. Bh6 1/2-1/2

[Event "Mukachevo Rating 41st"]
[Site "Mukachevo"]
[Date "2019.10.02"]
[Round "3"]
[White "Tiba, Vladyslav"]
[Black "Boricsev, Oleg"]
[Result "1-0"]
[WhiteElo "2360"]
[BlackElo "2241"]
[PlyCount "109"]
[EventDate "2019.10.01"]
[EventType "tourn"]
[EventRounds "9"]
[EventCountry "UKR"]
[SourceTitle "EXT 2020"]
[Source "ChessBase"]
[SourceDate "2019.10.17"]
[SourceVersion "1"]
[SourceVersionDate "2019.10.17"]
[SourceQuality "1"]

1. e4 c6 2. d4 d5 3. Nc3 dxe4 4. Nxe4 Nf6 5. Nxf6+ exf6 6. c3 g6 7. Bd3 Bg7 8. Ne2 Nd7 9. Be3 f5 10. 0-0 0-0 11. Nf4 Nf6 12. Bc4 b5 13. Bb3 Bb7 14. Nd3 Nd7 15. Re1 Re8 16. Qf3 Qc8 17. Bg5 Rxe1+ 18. Rxe1 c5 19. Bd5 Bxd5 20. Qxd5 Nb6 21. Qxc5 Qxc5 22. dxc5 Nd5 23. Rd1 h6 24. Bf4 Nxf4 25. Nxf4 Rc8 26. b4 Kf8 27. Nd5 g5 28. g3 g4 29. Rd3 Rd8 30. Rd1 h5 31. Kf1 Be5 32. Ke2 f6 33. Rd3 Re8 34. Kd2 a5 35. Kc2 Kf7 36. Nb6 axb4 37. cxb4 f4 38. Rd7+ Kg6 39. Nd5 f3 40. c6 h4 41. c7 Bxc7 42. Nxc7 Re1 43. Rd1 Re2+ 44. Rd2 Re1 45. Nxb5 Rh1 46. gxh4 Rxh2 47. Kd3 Rxh4 48. Nd4 f5 49. a4 Rh1 50. a5 Ra1 51. Rb2 Kg5 52. b5 Ra3+ 53. Kd2 f4 54. b6 g3 55. b7 1-0

[Event "Mukachevo Rating 39th"]
[Site "Mukachevo"]
[Date "2019.06.26"]
[Round "5"]
[White "Boricsev, Oleg"]
[Black "Terletsky, Oleg"]
[Result "0-1"]
[WhiteElo "2252"]
[BlackElo "2318"]
[PlyCount "50"]
[EventDate "2019.06.24"]
[EventType "tourn"]
[EventRounds "9"]
[EventCountry "UKR"]
[EventCategory "1"]
[SourceTitle "CBM 191 Extra"]
[Source "ChessBase"]
[SourceDate "2019.09.30"]
[SourceVersion "1"]
[SourceVersionDate "2019.09.30"]
[SourceQuality "1"]

1. d4 Nf6 2. Nc3 d5 3. Bf4 g6 4. Nf3 Bg7 5. Qd2 Ne4 6. Nxe4 dxe4 7. Ne5 f6 8. Nc4 b5 9. Na3 a6 10. e3 0-0 11. Qc3 Ra7 12. Qb3+ Kh8 13. Be2 Nd7 14. 0-0-0 c5 15. dxc5 e5 16. Kb1 Qe7 17. Bg3 Nxc5 18. Qb4 Be6 19. f4 exf3 20. gxf3 Rc8 21. Qd2 Rd7 22. Qa5 Rdc7 23. c3 Qf7 24. Nc2 Nb7 25. Qa3 Bf8 0-1

[Event "Lvov Tradition 05"]
[Site "Lvov"]
[Date "2019.05.05"]
[Round "5"]
[White "Boricsev, Oleg"]
[Black "Bilych, Olexiy"]
[Result "1/2-1/2"]
[WhiteElo "2281"]
[BlackElo "2187"]
[PlyCount "89"]
[EventDate "2019.05.03"]
[EventType "tourn"]
[EventRounds "9"]
[EventCountry "UKR"]
[EventCategory "1"]
[SourceTitle "CBM 190 Extra"]
[Source "ChessBase"]
[SourceDate "2019.07.15"]
[SourceVersion "1"]
[SourceVersionDate "2019.07.15"]
[SourceQuality "1"]

1. e4 e5 2. Nf3 Nc6 3. Bc4 Bc5 4. c3 Nf6 5. d4 exd4 6. cxd4 Bb4+ 7. Bd2 Bxd2+ 8. Nbxd2 d5 9. exd5 Nxd5 10. Qb3 Nce7 11. 0-0 0-0 12. Rfe1 c6 13. Ne4 Qb6 14. Nc3 Qxb3 15. Bxb3 Bg4 16. Nxd5 Nxd5 17. Bxd5 cxd5 18. Re7 b6 19. Ne5 Bf5 20. Rc1 f6 21. Nc6 Rf7 22. f3 Rc8 23. Rc3 Kf8 24. Rxf7+ Kxf7 25. Nxa7 Rxc3 26. bxc3 Bd7 27. a4 Bxa4 28. Nc8 Ke6 29. Nxb6 Bb3 30. Kf2 Kd6 31. Ke3 Kc7 32. Nxd5+ Bxd5 33. Kd3 Kd6 34. c4 Bb7 35. Ke3 g5 36. g3 h6 37. f4 Bg2 38. fxg5 fxg5 39. h4 gxh4 40. gxh4 Bf1 41. c5+ Kd5 42. Kf4 h5 43. Kg5 Be2 44. Kg6 Bd1 45. Kg5 1/2-1/2

[Event "Lvov Tradition IM 01"]
[Site "Lvov"]
[Date "2019.01.28"]
[Round "2"]
[White "Boricsev, Oleg"]
[Black "Siniauski, Artsiom"]
[Result "0-1"]
[WhiteElo "2297"]
[BlackElo "2182"]
[PlyCount "106"]
[EventDate "2019.01.27"]
[EventType "tourn"]
[EventRounds "9"]
[EventCountry "UKR"]
[SourceTitle "CBM 188 Extra"]
[Source "ChessBase"]
[SourceDate "2019.02.28"]
[SourceVersion "1"]
[SourceVersionDate "2019.02.28"]
[SourceQuality "1"]

1. e4 e6 2. d4 d5 3. exd5 exd5 4. c4 Nc6 5. cxd5 Nb4 6. Bb5+ Bd7 7. Qe2+ Be7 8. d6 cxd6 9. Nc3 Nf6 10. Nf3 0-0 11. Bxd7 Qxd7 12. 0-0 Nbd5 13. Nxd5 Nxd5 14. Qe4 Nb6 15. Re1 Bf6 16. Bg5 Rfe8 17. Qd3 Nd5 18. h3 h6 19. Bxf6 Nxf6 20. Nh4 g6 21. Rac1 Kg7 22. Nf3 Rac8 23. Rxc8 Qxc8 24. Rxe8 Qxe8 25. Qa3 Qc6 26. b3 Ne4 27. Qb2 Qc3 28. Qe2 d5 29. g3 b5 30. Kg2 b4 31. h4 g5 32. hxg5 hxg5 33. g4 Qc1 34. Ne5 Qc3 35. Qf3 f6 36. Qxc3 Nxc3 37. Nc6 Nxa2 38. Nxa7 Kf7 39. Kf3 Ke6 40. Ke3 Kd7 41. Nb5 Nc1 42. Kd2 Nxb3+ 43. Kc2 Na5 44. Kb2 Kc6 45. Na7+ Kb6 46. Nc8+ Kb5 47. Nd6+ Ka4 48. Ne8 Nc4+ 49. Kc1 Kb3 50. Nxf6 Nb6 51. Kb1 Kc3 52. Nh7 b3 53. Nf6 b2 0-1